000 00457nam a2200181Ia 4500
005 20250603144425.0
008 250603s9999 xx 000 0 und d
020 _a9780128213414
050 _aTN 871.27 .B78/
100 _aBridges, Samuel
245 2 _aA practical handbook for drilling fluids processing
260 _aCambridge
260 _bGulf Professional Publishing
260 _c2020
300 _a86 p
650 _aCambridge
942 _cBK
999 _c38878
_d38878